| 000 | 00425nam a22001697a 4500 | ||
|---|---|---|---|
| 003 | CEME | ||
| 005 | 20210628205250.0 | ||
| 008 | 210224b xxu||||| |||| 00| 0 eng d | ||
| 020 | _a0-412-61600-9 | ||
| 040 | _c. | ||
| 082 | _a621 JOH'F | ||
| 100 |
_aJohnson, A. Sherwin, K. _974663 |
||
| 245 | _aFoundation of mechanical engineering | ||
| 260 |
_aLONDON _bCHAPMAN & HALL _c1997 |
||
| 300 | _aXII, 368P | ||
| 942 |
_cBK _2ddc |
||
| 999 |
_c580173 _d580173 |
||